| 000 | 01116nam a2200217 a 4500 | ||
|---|---|---|---|
| 001 | 49112 | ||
| 003 | BD-RjUL | ||
| 005 | 20211209054633.0 | ||
| 008 | 160817s1976 bg ||||| |||| 00| 0 ben d | ||
| 035 | _a(BD-RjUL)49231 | ||
| 040 |
_aBD-RjUL _bben _cBD-RjUL _dBD-RjUL |
||
| 041 | _aben | ||
| 082 |
_223 _a891.441 _bSOM 1976 |
||
| 245 |
_aসমান্তরাল : _bবাংলা-ফরাশি কবিতা / _cপ্রলয় দত্তঃ অনুবাদ; জেরার দ্যুপ্যুইঃ সহযোগীতা; মাহমুদ শাহ কোরেশীঃ সম্পাদনা |
||
| 260 |
_aচট্রগ্রাম : _bআলিয়স ফ্রসেজ, _c১৯৭৬ |
||
| 300 |
_a৫১ পৃ. ; _c২১ সেমি. |
||
| 650 |
_aবাংলা কবিতা _9147708 |
||
| 650 |
_aBengali poetry _9147709 |
||
| 700 |
_aপ্রলয় দত্তঃ অনুবাদ; জেরার দ্যুপ্যুইঃ সহযোগীতা; মাহমুদ শাহ কোরেশীঃ সম্পাদনা _9147710 |
||
| 942 |
_2ddc _cBK |
||
| 999 |
_c49112 _d49112 |
||